6 plays by Rodgers and Hammerstein.

Bibliographic Details
Main Author: Rodgers, Richard, 1902-1979
Other Authors: Hammerstein, Oscar, II, 1895-1960
Format: Book
Language:English
Published: New York : Random House, [1955]
Subjects:

MARC

Tag First Indicator Second Indicator Subfields
LEADER 00000cam a2200000 4500
001 in00000029788
005 20151007062934.0
008 740607s1955 nyu 00010 eng u
010 |a  55008165  
035 |a (OCoLC)00911281 
035 |9 AAD6144AM 
040 |c KSU  |d TXA  |d UtOrBLW 
049 |a TXAM  |c [255210] 
050 0 |a ML49  |b .R67 
092 |a 782.8  |b R691s 
100 1 |a Rodgers, Richard,  |d 1902-1979. 
245 1 0 |a 6 plays by Rodgers and Hammerstein. 
264 1 |a New York :  |b Random House,  |c [1955] 
300 |a 527 pages ;  |c 20 cm. 
336 |a text  |b txt  |2 rdacontent 
337 |a unmediated  |b n  |2 rdamedia 
338 |a volume  |b nc  |2 rdacarrier 
505 0 |a Oklahoma!--Carousel.--Allegro.--South Pacific.--The King and I.--Me and Juliet. 
650 0 |a Musicals  |v Librettos. 
700 1 |a Hammerstein, Oscar,  |c II,  |d 1895-1960. 
999 |a MARS 
999 f f |s 11a45d89-2f49-3c83-a96a-3eaef7b1edfc  |i 0ecf18e7-140b-3454-991a-8cb77a313ac3  |t 0 
952 f f |p normal  |a Texas A&M University  |b College Station  |c Sterling C. Evans Library  |d Evans: Library Stacks  |t 0  |e ML49 .R67  |h Library of Congress classification  |i unmediated -- volume  |m A14801171259 
998 f f |a ML49 .R67  |t 0  |l Evans: Library Stacks